Normal view
MARC view
Entry Topical Term
001 - CONTROL NUMBER
- control field: 26149
003 - CONTROL NUMBER IDENTIFIER
- control field: dpl
005 - DATE AND TIME OF LATEST TRANSACTION
- control field: 20110222145634.0
008 - FIXED-LENGTH DATA ELEMENTS
- fixed length control field: 110222|||a|||||| | ||| d
040 ## - CATALOGING SOURCE
- Original cataloging agency: dpl
- Transcribing agency: dpl
150 ## - HEADING--TOPICAL TERM
- Topical term or geographic name as entry element: परमवीर चक्र
- General subdivision:
- Geographic subdivision:
670 ## - SOURCE DATA FOUND
- Source citation: Work cat.: (dpl)31664: रामपाल सिंह 26147, परमवीर चक्र विजेता /, 2009
670 ## - SOURCE DATA FOUND
- Source citation: Work cat.: (dpl)31664: रामपाल सिंह 26147, परमवीर चक्र विजेता /, 2009
